[Event "Florencia Caqueta-ch"]
[Site "Florencia"]
[Date "2021.03.30"]
[Round "1"]
[White "Martinez Murcia, John Alexander"]
[Black "Rojas, Leonardo"]
[Result "1-0"]
[WhiteElo "1861"]
[BlackElo "1600"]
[PlyCount "89"]
[EventDate "2021.03.30"]
[EventType "swiss"]
[EventRounds "6"]
[EventCountry "COL"]
[SourceTitle "EXT 2022"]
[Source "ChessBase"]
[SourceDate "2021.10.06"]
[SourceVersion "1"]
[SourceVersionDate "2021.10.06"]
[SourceQuality "1"]

1. c4 e5 2. Nc3 Nf6 3. Nf3 Nc6 4. g3 Bc5 5. d3 h6 6. Bg2 d6 7. 0-0 Ne7 8. Na4 Bb6 9. b4 c6 10. Nxb6 Qxb6 11. Rb1 Qc7 12. a4 Ng6 13. Bb2 0-0 14. Nd2 Be6 15. a5 Rab8 16. Qa4 Qd7 17. Rfc1 Rfc8 18. d4 b5 19. axb6 axb6 20. Qc2 Bh3 21. Bh1 Nf4 22. Bf3 Ng6 23. e3 Bg4 24. Bg2 Bh3 25. Bh1 h5 26. Ra1 h4 27. Ne4 Nxe4 28. Bxe4 f5 29. Bh1 hxg3 30. hxg3 e4 31. Bg2 Bg4 32. Ra6 d5 33. Rca1 Qc7 34. Qb3 Ne7 35. Ra7 Rb7 36. Ra8 Rxa8 37. Rxa8+ Rb8 38. Rxb8+ Qxb8 39. b5 Qc7 40. Ba3 Kh7 41. Bxe7 Qxe7 42. bxc6 dxc4 43. Qxc4 f4 44. exf4 e3 45. Qd3+ 1-0

[Event "COL-ch"]
[Site "Bogota"]
[Date "2018.11.06"]
[Round "1"]
[White "Hernandez, Cristian Andres"]
[Black "Martinez Murcia, John Alexander"]
[Result "1-0"]
[WhiteElo "2349"]
[BlackElo "1873"]
[PlyCount "37"]
[EventDate "2018.11.06"]
[EventType "swiss"]
[EventRounds "9"]
[EventCountry "COL"]
[SourceTitle "CBM 187 Extra"]
[Source "ChessBase"]
[SourceDate "2018.11.04"]
[SourceVersion "1"]
[SourceVersionDate "2018.11.04"]
[SourceQuality "1"]

1. d4 d5 2. c4 e6 3. Nc3 dxc4 4. e4 c5 5. Nf3 cxd4 6. Nxd4 a6 7. Bxc4 Qc7 8. Bb3 Bd7 9. 0-0 Nc6 10. Re1 Nxd4 11. Qxd4 Ne7 12. Nd5 exd5 13. exd5 0-0-0 14. Bf4 Nf5 15. Rac1 Bc6 16. Bxc7 Nxd4 17. Bxd8 Kxd8 18. dxc6 Nxc6 19. Bxf7 1-0

[Event "COL-chT"]
[Site "Ibague"]
[Date "2017.07.19"]
[Round "2.2"]
[White "Martinez Murcia, John Alexander"]
[Black "Moreno Bermudez, Jhon Jairo"]
[Result "0-1"]
[WhiteElo "1906"]
[BlackElo "1812"]
[PlyCount "116"]
[EventDate "2017.07.19"]
[EventType "team-swiss"]
[EventRounds "6"]
[EventCountry "COL"]
[SourceTitle "CBM 179 Extra"]
[Source "ChessBase"]
[SourceDate "2017.08.23"]
[SourceVersion "1"]
[SourceVersionDate "2017.08.23"]
[SourceQuality "1"]
[WhiteTeam "Caqueta"]
[BlackTeam "Tolima IV"]
[WhiteTeamCountry "COL"]
[BlackTeamCountry "COL"]

1. c4 e5 2. Nc3 Nf6 3. g3 Bb4 4. Bg2 Bxc3 5. bxc3 0-0 6. d3 d6 7. e4 Nc6 8. Ne2 b6 9. 0-0 Bb7 10. f4 Na5 11. f5 c6 12. Ba3 Re8 13. Rb1 d5 14. Bb4 Rb8 15. Bxa5 bxa5 16. exd5 cxd5 17. h3 Qc7 18. cxd5 Nxd5 19. Qd2 Nf6 20. d4 Bxg2 21. Kxg2 exd4 22. cxd4 Rxb1 23. Rxb1 Qe7 24. Re1 Qe4+ 25. Kh2 h5 26. Qf4 Qd3 27. Qf2 Qd2 28. Qf1 Nd5 29. Kg1 Ne3 30. Qf2 Nc2 31. Kf1 Qxe1+ 32. Qxe1 Nxe1 33. Kxe1 Re3 34. Kd2 Rf3 35. a4 Kf8 36. h4 Rxf5 37. Nf4 g5 38. hxg5 Rxg5 39. Ne2 Ke7 40. Ke3 Rg8 41. Kf3 Rb8 42. Nf4 Rb3+ 43. Kf2 Kd6 44. Nxh5 Kd5 45. Ng7 Kxd4 46. Nf5+ Ke5 47. Ne3 Rb4 48. Nd1 Rxa4 49. Nc3 Rb4 50. Ke2 Rb3 51. Na4 Rxg3 52. Nc5 Kd5 53. Nd7 a4 54. Nf6+ Kd4 55. Nh5 Rb3 56. Kd2 Rb2+ 57. Kc1 Rh2 58. Ng3 Ke5 0-1

[Event "American Continental 13th"]
[Site "Medellin"]
[Date "2017.06.13"]
[Round "5"]
[White "Mateus, Martha"]
[Black "Martinez Murcia, John Alexander"]
[Result "1/2-1/2"]
[WhiteElo "2138"]
[BlackElo "1912"]
[PlyCount "163"]
[EventDate "2017.06.10"]
[EventType "swiss"]
[EventRounds "11"]
[EventCountry "COL"]
[SourceTitle "CBM 178 Extra"]
[Source "ChessBase"]
[SourceDate "2017.06.22"]
[SourceVersion "1"]
[SourceVersionDate "2017.06.22"]
[SourceQuality "1"]

1. e4 e5 2. Nf3 Nc6 3. Bb5 a6 4. Ba4 Nf6 5. Qe2 Be7 6. c3 b5 7. Bb3 d6 8. h3 0-0 9. 0-0 Na5 10. Bc2 c5 11. d4 Qc7 12. d5 Nc4 13. Re1 h6 14. b3 Nb6 15. Nbd2 Nh7 16. g4 h5 17. Nh2 Bd7 18. Ndf1 hxg4 19. hxg4 Bg5 20. Ng3 g6 21. Kg2 Kg7 22. Rg1 Rh8 23. Be3 Qd8 24. Raf1 Bxe3 25. fxe3 Qh4 26. Qf2 Ng5 27. Nh5+ Rxh5 28. gxh5 Qxf2+ 29. Rxf2 Nh3 30. h6+ Kxh6 31. Rxf7 Nxg1 32. Kxg1 Rd8 33. Kg2 Nc8 34. Kg3 g5 35. Bd1 Kg6 36. Rf2 Ne7 37. Bg4 Bxg4 38. Nxg4 Ng8 39. Rf5 a5 40. Kf2 Ra8 41. Ke2 b4 42. Kd3 a4 43. cxb4 axb3 44. axb3 cxb4 45. Kc4 Rb8 46. Rf1 Kh5 47. Nf6+ Nxf6 48. Rxf6 Rb6 49. Kd3 Kg4 50. Rg6 Kh5 51. Rg8 Ra6 52. Rh8+ Kg4 53. Rb8 Kg3 54. Rxb4 g4 55. Rc4 Kf2 56. Rc2+ Kf3 57. Rc6 Ra3 58. Kc4 Ra8 59. Rxd6 Rg8 60. Kd3 g3 61. Rf6+ Kg4 62. Ke2 Ra8 63. Kf1 Ra1+ 64. Kg2 Ra2+ 65. Kg1 Rb2 66. Rf1 Rxb3 67. Rd1 Kf3 68. d6 Rb8 69. d7 Rd8 70. Rd6 Kxe3 71. Kg2 Kf4 72. Rd1 Kg4 73. Rd3 Kf4 74. Rd2 Kxe4 75. Kxg3 Ke3 76. Rd6 e4 77. Kg4 Kf2 78. Kf4 e3 79. Ke5 e2 80. Rd2 Ke3 81. Rxe2+ Kxe2 82. Ke6 1/2-1/2

[Event "American Continental 13th"]
[Site "Medellin"]
[Date "2017.06.12"]
[Round "4"]
[White "Benavides Montenegro, Maicol Alexander"]
[Black "Martinez Murcia, John Alexander"]
[Result "0-1"]
[WhiteElo "2090"]
[BlackElo "1912"]
[PlyCount "62"]
[EventDate "2017.06.10"]
[EventType "swiss"]
[EventRounds "11"]
[EventCountry "COL"]
[SourceTitle "CBM 178 Extra"]
[Source "ChessBase"]
[SourceDate "2017.06.22"]
[SourceVersion "1"]
[SourceVersionDate "2017.06.22"]
[SourceQuality "1"]

1. e4 c5 2. Nf3 Nc6 3. d4 cxd4 4. Nxd4 Nf6 5. Nc3 e5 6. Ndb5 d6 7. Bg5 a6 8. Na3 b5 9. Bxf6 gxf6 10. Nd5 Bg7 11. c3 0-0 12. Bd3 Ne7 13. Qf3 Nxd5 14. exd5 Re8 15. 0-0 Qd7 16. Rae1 f5 17. Bb1 e4 18. Qf4 Be5 19. Qg5+ Kh8 20. f3 Rg8 21. Qh5 Qe7 22. fxe4 Rg5 23. Qf3 f4 24. Nc2 Bg4 25. Qd3 Rag8 26. Rf2 Rh5 27. Nd4 Qh4 28. h3 Bxh3 29. Nf3 Qg3 30. Nxe5 Qh2+ 31. Kf1 Rxg2 0-1

[Event "American Continental 13th"]
[Site "Medellin"]
[Date "2017.06.10"]
[Round "1"]
[White "Martinez Murcia, John Alexander"]
[Black "Aranha Filho, Alvaro Zimmermann"]
[Result "0-1"]
[WhiteElo "1912"]
[BlackElo "2355"]
[PlyCount "64"]
[EventDate "2017.06.10"]
[EventType "swiss"]
[EventRounds "11"]
[EventCountry "COL"]
[SourceTitle "CBM 178 Extra"]
[Source "ChessBase"]
[SourceDate "2017.06.22"]
[SourceVersion "1"]
[SourceVersionDate "2017.06.22"]
[SourceQuality "1"]

1. d4 Nf6 2. c4 c5 3. Nf3 cxd4 4. Nxd4 e5 5. Nc2 b5 6. e3 bxc4 7. Bxc4 d5 8. Be2 Bd6 9. Nc3 Bb7 10. 0-0 0-0 11. Nb5 Be7 12. b3 Nc6 13. Bb2 a6 14. Nc3 Qd7 15. Na4 Rad8 16. f4 exf4 17. Rxf4 Qe6 18. Bd3 d4 19. exd4 Nd5 20. Bf5 Qh6 21. Rf3 g6 22. Bc1 Qg7 23. Rh3 h5 24. Be4 Bf6 25. Bb2 Nf4 26. Rf3 g5 27. Rxf4 gxf4 28. Qxh5 Nxd4 29. Bxb7 Nxc2 30. Bxf6 Qxf6 31. Rf1 Ne3 32. Be4 Rfe8 0-1

[Event "Bogota Distrital-ch 77th"]
[Site "Bogota"]
[Date "2015.04.30"]
[Round "1"]
[White "Alvarez Angel, Nelson Eduardo"]
[Black "Martinez Murcia, John Alexander"]
[Result "0-1"]
[WhiteElo "1726"]
[BlackElo "2039"]
[PlyCount "33"]
[EventDate "2015.04.30"]
[EventType "swiss"]
[EventRounds "7"]
[EventCountry "COL"]
[SourceTitle "CBM 166 Extra"]
[Source "ChessBase"]
[SourceDate "2015.06.18"]
[SourceVersion "1"]
[SourceVersionDate "2015.06.18"]
[SourceQuality "1"]

1. e4 c5 2. Nf3 d6 3. Nc3 Nf6 4. Bc4 e6 5. 0-0 Be7 6. d4 cxd4 7. Nxd4 Nc6 8. Be3 0-0 9. Qe2 Ne5 10. Bb3 Nfg4 11. Bf4 Qb6 12. Rad1 Bd7 13. h3 Nf6 14. Bxe5 dxe5 15. Nf3 Qc7 16. Qc4 Bc6 17. Nd5 0-1

[Event "COL-ch U20"]
[Site "Bogota"]
[Date "2008.05.23"]
[Round "1.11"]
[White "Paez, David"]
[Black "Martinez Murcia, John Alexander"]
[Result "1-0"]
[WhiteElo "2072"]
[BlackElo "1687"]
[PlyCount "60"]
[EventDate "2008.05.23"]
[EventType "swiss"]
[EventRounds "7"]
[EventCountry "COL"]
[SourceTitle "EXT 2024"]
[Source "ChessBase"]
[SourceDate "2023.10.10"]
[SourceVersion "1"]
[SourceVersionDate "2023.10.10"]
[SourceQuality "1"]

1. e4 e5 2. Nf3 Bc5 3. Bc4 Nc6 4. 0-0 Nf6 5. d3 h6 6. c3 d5 7. exd5 Nxd5 8. d4 exd4 9. cxd4 Bb6 10. Nc3 Be6 11. Nxd5 Bxd5 12. Re1+ Ne7 13. Bxd5 Qxd5 14. b3 c6 15. Ba3 Bd8 16. Re5 Qd7 17. Qe2 f6 18. Re6 Kf7 19. Rd6 Qc7 20. Qe6+ Kg6 21. Rd7 Qc8 22. Bxe7 Re8 23. Re1 a5 24. Ne5+ Kh7 25. Qf5+ Kg8 26. Bf8 Be7 27. Qe6+ Kh7 28. Bxe7 fxe5 29. Qf5+ Kh8 30. Bf6 Rg8 1-0